000 00815nam a22002417a 4500
005 20170124110035.0
010 _a555244
020 _c00.00
_a080065198
035 _a555244
037 _bCen Lib/Ret
040 _aDPL
_bEN
082 _a371.1
_bKEL
100 _aKelsall, R. K.
_922459
245 _aThe school teacher in England and the United States :
_cby R. K. Kesall [and] Helen M. Kesall
_bthe findings of empirical research /
260 _aOxford
_bPergamon Press
_c1969
270 _bOxford
_aHeadington Hill Hall
300 _avii,198p.
_c20cm(Hb)
500 _aIncludes bibliographical references and index
650 _aTeachers -- Great Britain
_922460
650 _aTeachers -- United States
_922461
700 _aKesall, Helen M.
_922462
942 _2ddc
_cEN
_h371.1
_mKEL
999 _c128122
_d128122